Największe stadiony w Polsce pod względem miejsc siedzących - Statystyki

Ogólne statystyki
  • Ten quiz został rozwiązany 33 razy
  • Średni wynik to 10 z 10
Statystyki odpowiedzi
L.p. Miasto Pojemność % Poprawnych
5. Gdańsk 41 620
100%
3. Poznań 42 837
100%
1. Warszawa 58 274
100%
7. Warszawa 31 103
100%
4. Wrocław 42 771
100%
6. Kraków 33 103
97%
2. Chorzów 54 378
94%
8. Zabrze 24 563
94%
9. Białystok 22 372
91%
10. Szczecin 21 163
88%
Nie znaleziono quizów pasujących do podanych kryteriów
Rozkład punktacji
Procent ludzi z każdym wynikiem
Percentyl według liczby udzielonych odpowiedzi
Twoja historia wyników
Nie rozwiązałeś tego quizu